Research (New York)

Detalles Bibliográficos
Formato: Electrónico Revista
Lenguaje:inglés
Publicado: New York : National Underwriter Company dba Summit Business Media
Materias:
Acceso en línea:Full text available from Research Library: 05/01/2006 to 10/31/2017

MARC

LEADER 00000nas a2200000 i 4500
001 ssj0001080184
003 WaSeSS
005 20200512172242.0
006 m d
007 cr n
008 131223c20uu9999nyum| p|s|||||| |0eng d
035 |a (WaSeSS)ssj0001080184 
040 |a WaSeSS  |b eng  |c WaSeSS  |d WaSeSS 
043 |a n-us-ny 
050 1 4 |a HC107.N7 
245 0 0 |a Research (New York)  |h [electronic resource]. 
260 |a New York :  |b National Underwriter Company dba Summit Business Media 
310 |a Monthly 
506 |a License restrictions may limit access. 
588 |a Description based on: May 2006; title from title screen (ProQuest, viewed Dec. 19, 2013). 
588 |a Latest issue consulted: December 2013 (viewed Dec. 19, 2013). 
651 0 |a New York (State)  |x Economic conditions  |v Periodicals. 
655 0 |a Electronic journals. 
856 4 0 |z Full text available from Research Library: 05/01/2006 to 10/31/2017  |u https://search.proquest.com/publication/196184